000 00392nam a2200157 i 4500
001 bg
100 1 _aSTONAWSKI, Jacek
245 0 _aSpecjalne konstrukcje hydrotechniczne /
_cJacek Stonawski.
260 _aKraków,
_c1980.
650 9 _aHydrotechnika
655 _aPodręczniki akademickie
040 _cBPK
041 _apol
942 _cKS
008 s pl f |000 0 pol
999 _c20062
_d20062
856 _uhttp://koha.tu.koszalin.pl/cgi-bin/koha/opac-detail.pl?biblionumber=20062
_yKatalog online BPK